[Event "Women's World Championship"]
[Site "Nalchik RUS"]
[Date "2008.09.04"]
[EventDate "2008.08.29"]
[Round "3.2"]
[Result "1/2-1/2"]
[White "Nadezhda Kosintseva"]
[Black "Shen Yang"]
[WhiteElo "2460"]
[BlackElo "2445"]
[PlyCount "146"]

1. e4 e5 2. Nf3 Nc6 3. Bb5 a6 4. Ba4 Nf6 5. O-O Be7 6. d3 b5
7. Bb3 d6 8. a4 Bd7 9. c3 O-O 10. Nbd2 Na5 11. Bc2 c5 12. Re1
Re8 13. Nf1 h6 14. h3 Bf8 15. Ne3 Nc6 16. Nh2 Be6 17. Nhg4
Nxg4 18. hxg4 b4 19. Qf3 Rb8 20. Bd2 Be7 21. g3 Bg5 22. Qe2
bxc3 23. bxc3 Na5 24. Reb1 Bb3 25. Qd1 Bxe3 26. Bxe3 Bxc2
27. Qxc2 Qd7 28. Rxb8 Rxb8 29. Rb1 Rxb1+ 30. Qxb1 Qb7 31. Qxb7
Nxb7 32. Kf1 f6 33. Ke2 Kf7 34. d4 Ke6 35. d5+ Kd7 36. Kd3 Na5
37. f3 Kc7 38. Bf2 Kb6 39. Be3 Nb7 40. Kc4 Nd8 41. f4 Nf7
42. Kb3 exf4 43. gxf4 g5 44. Bd2 gxf4 45. Bxf4 Kc7 46. Kc2 Kd7
47. Kd2 Ke7 48. Ke2 Kf8 49. Kf2 Kg7 50. Kg2 Kg6 51. Kf2 Ne5
52. Kg3 Nc4 53. Kf3 h5 54. gxh5+ Kxh5 55. Bh2 Kg6 56. Ke2 Kg5
57. Kd3 Ne5+ 58. Ke2 Kg4 59. Ke3 Nf7 60. Bf4 Kh3 61. Bxd6 Nxd6
62. Kf4 Kg2 63. e5 fxe5+ 64. Kxe5 Nb7 65. d6 Kf3 66. Kd5 Ke3
67. Kc6 Nxd6 68. Kxd6 c4 69. Kc5 Kd3 70. Kb4 a5+ 71. Kxa5 Kxc3
72. Kb6 Kb4 73. a5 c3 1/2-1/2

[Event "Women's World Championship"]
[Site "Nalchik RUS"]
[Date "2008.09.04"]
[EventDate "2008.08.29"]
[Round "3.3"]
[Result "0-1"]
[White "Shen Yang"]
[Black "Nadezhda Kosintseva"]
[WhiteElo "2445"]
[BlackElo "2460"]
[PlyCount "124"]

1. d4 Nf6 2. c4 e6 3. Nc3 Bb4 4. Qc2 O-O 5. a3 Bxc3+ 6. Qxc3
b6 7. Bg5 Bb7 8. f3 d6 9. Nh3 Nbd7 10. e4 c5 11. Be2 h6
12. Be3 Qe7 13. O-O cxd4 14. Qxd4 Rfd8 15. b3 Rac8 16. Rfd1
Ne5 17. Rac1 Nc6 18. Qb2 Nd7 19. Nf4 Qf6 20. Qb1 Nde5 21. Nh5
Qh4 22. Ng3 Ng6 23. Qb2 Nce5 24. Bf1 Qf6 25. Qd2 Qe7 26. Bd4
Qg5 27. Qf2 Nf4 28. Kh1 Neg6 29. Be3 Qf6 30. Rc2 Rc7 31. Rcd2
Rcd7 32. Bd4 Qe7 33. Bb2 h5 34. Qd4 e5 35. Qe3 Nh4 36. Qf2 Qg5
37. b4 Bc8 38. Ne2 Nxe2 39. Bxe2 Ng6 40. Bd3 Qe7 41. Bc2 Rf8
42. Qe3 Rdd8 43. Bc3 Be6 44. c5 dxc5 45. Rxd8 Rxd8 46. Rxd8+
Qxd8 47. bxc5 Qc7 48. cxb6 axb6 49. g3 h4 50. Kg2 Qc4 51. gxh4
Nf4+ 52. Kf2 Bh3 53. Qe1 Bf1 54. h5 Bd3 55. Qd2 Qc5+ 56. Kg3
Qg1+ 57. Kh4 Bxc2 58. Qxc2 Ng2+ 59. Kh3 Nf4+ 60. Kh4 Kh7
61. Qa2 f6 62. Qd2 Qg5+ 0-1

[Event "Women's World Championship"]
[Site "Nalchik RUS"]
[Date "2008.09.04"]
[EventDate "2008.08.29"]
[Round "3.4"]
[Result "0-1"]
[White "Nadezhda Kosintseva"]
[Black "Shen Yang"]
[WhiteElo "2460"]
[BlackElo "2445"]
[PlyCount "118"]

1. e4 e5 2. Nf3 Nc6 3. Bb5 a6 4. Bxc6 dxc6 5. O-O Qf6 6. d4
exd4 7. Bg5 Qd6 8. Qxd4 f6 9. Be3 Bg4 10. Nbd2 Ne7 11. e5 Qxd4
12. Bxd4 Kf7 13. h3 Bf5 14. c4 Ng6 15. Rfe1 Rd8 16. Bc3 Nf4
17. Ne4 Be7 18. Ng3 Be6 19. exf6 gxf6 20. Re4 Nd3 21. Nd4 Bc8
22. b3 Bc5 23. Rd1 Ne5 24. Rde1 Rhe8 25. Kf1 Nd3 26. Rxe8 Rxe8
27. Rxe8 Kxe8 28. Nge2 Kf7 29. Bd2 Bd7 30. Be3 Bd6 31. Nc3 b5
32. cxb5 cxb5 33. Ke2 Ne5 34. Ne4 Be7 35. Nc2 a5 36. f3 Be8
37. Bc5 Bd8 38. Nd4 Bd7 39. Nc3 b4 40. Nd5 f5 41. f4 Ng6
42. g3 h5 43. h4 Nf8 44. Bxf8 Kxf8 45. Ne3 Kf7 46. Nc4 Kf6
47. Ne5 Bc8 48. Ndc6 Be7 49. Nxe7 Kxe7 50. Kd3 Ba6+ 51. Kd4
Kd6 52. Nf7+ Ke6 53. Nd8+ Ke7 54. Nc6+ Kd6 55. Nxa5 c5+
56. Ke3 Kd5 57. Kf3 Kd4 58. Nc6+ Kc3 59. g4 Bb7 0-1

[Event "Women's World Championship"]
[Site "Nalchik RUS"]
[Date "2008.09.04"]
[EventDate "2008.08.29"]
[Round "3.5"]
[Result "1-0"]
[White "Shen Yang"]
[Black "Nadezhda Kosintseva"]
[WhiteElo "2445"]
[BlackElo "2460"]
[PlyCount "137"]

1. d4 Nf6 2. c4 e6 3. Nc3 Bb4 4. Qc2 O-O 5. a3 Bxc3+ 6. Qxc3
b6 7. Bg5 Bb7 8. f3 d6 9. Nh3 h6 10. Bh4 c5 11. dxc5 bxc5
12. e3 Nbd7 13. Be2 a5 14. Qc2 a4 15. O-O Qb6 16. Rfd1 d5
17. Bf2 Rfc8 18. Nf4 Ne5 19. cxd5 exd5 20. Qc3 Re8 21. Rd2
Rac8 22. Rad1 Qb3 23. Qc1 Red8 24. Nd3 Nc4 25. Rc2 Qb6 26. e4
dxe4 27. Rxc4 exd3 28. Bxd3 Rd5 29. Rxa4 Rcd8 30. Bc2 Rxd1+
31. Bxd1 Qb5 32. b3 Qd3 33. Bc2 Qe2 34. Ra7 Ba6 35. Bxc5 Ne4
36. Re7 f5 37. Be3 Bd3 38. Bxd3 Qxd3 39. h4 Qxb3 40. Kh2 Nf6
41. Qc7 Qb8 42. Rxg7+ Kh8 43. Qxb8 Rxb8 44. Ra7 Nd5 45. Bd4+
Kg8 46. a4 Rb4 47. Be5 Rxh4+ 48. Kg3 Rb4 49. a5 Ra4 50. a6 Nb4
51. Ra8+ Kf7 52. a7 Nc6 53. Rh8 Nxa7 54. Rxh6 Ke7 55. Rf6 Ra5
56. f4 Nb5 57. Rxf5 Ke6 58. Rh5 Ra2 59. Kf3 Na7 60. Rh6+ Kd5
61. Rd6+ Kc5 62. g4 Nc6 63. Rd1 Ra3+ 64. Ke4 Ra4+ 65. Kf5 Ne7+
66. Ke6 Ng6 67. Bd6+ Kb6 68. Kf5 Kc6 69. Kxg6 1-0

[Event "Women's World Championship"]
[Site "Nalchik RUS"]
[Date "2008.09.04"]
[EventDate "2008.08.29"]
[Round "3.6"]
[Result "1/2-1/2"]
[White "Nadezhda Kosintseva"]
[Black "Shen Yang"]
[WhiteElo "2460"]
[BlackElo "2445"]
[PlyCount "171"]

1. e4 e5 2. Nf3 Nc6 3. Bc4 Bc5 4. c3 Nf6 5. d3 a6 6. Bb3 Ba7
7. h3 h6 8. O-O O-O 9. Nbd2 Re8 10. Re1 d6 11. Nf1 Be6 12. Bc2
d5 13. Bd2 b5 14. N3h2 d4 15. Qf3 Rb8 16. Red1 dxc3 17. bxc3
b4 18. Ba4 Bd7 19. Bxc6 Bxc6 20. cxb4 Ba4 21. Re1 Bc2 22. Be3
Bxe3 23. Nxe3 Qxd3 24. Rac1 Ba4 25. Rxc7 Qxe4 26. Qxe4 Nxe4
27. Nd5 Nf6 28. Nxf6+ gxf6 29. Ng4 Kg7 30. a3 Rec8 31. Rec1
Rxc7 32. Rxc7 Rd8 33. Ne3 Kg6 34. g4 Rd3 35. h4 Rxa3 36. Kg2
h5 37. gxh5+ Kxh5 38. Rxf7 Kg6 39. Rc7 Bb5 40. Nd5 Rd3
41. Ne7+ Kh5 42. Nf5 Kg4 43. Ne3+ Kxh4 44. Rg7 Kh5 45. Ng4 Rd6
46. f3 Bd3 47. Kg3 Bg6 48. Rg8 Kg5 49. Rb8 Rd2 50. Rb6 f5
51. Nf2 Ra2 52. Nh3+ Kh5 53. f4 Ra3+ 54. Kh2 e4 55. Rb8 Ra2+
56. Kg3 Ra3+ 57. Kg2 Ra2+ 58. Kg3 Ra3+ 59. Kg2 Ra2+ 60. Nf2
Bf7 61. Rh8+ Kg6 62. Kg3 Bd5 63. Rd8 Rd2 64. Rd6+ Kf7 65. Rxa6
e3 66. Nh3 Rg2+ 67. Kh4 e2 68. Ra1 Kg6 69. Ng1 Rg4+ 70. Kh3
Rxf4 71. b5 Re4 72. Re1 Bc4 73. b6 Re7 74. Nf3 Kf6 75. Rb1 Bd5
76. Ne1 Rg7 77. Rb2 Re7 78. Kg3 Kg5 79. Kf2 Kf6 80. Rb5 Bb7
81. Nd3 Ba6 82. b7 Rxb7 83. Rxb7 Bxb7 84. Nf4 Ba6 85. Nxe2
Bxe2 86. Kxe2 1/2-1/2

[Event "Women's World Championship"]
[Site "Nalchik RUS"]
[Date "2008.09.07"]
[EventDate "2008.08.29"]
[Round "4.1"]
[Result "1-0"]
[White "Koneru Humpy"]
[Black "Shen Yang"]
[WhiteElo "2622"]
[BlackElo "2445"]
[PlyCount "61"]

1. d4 d5 2. c4 c6 3. e3 Nf6 4. Nf3 Bg4 5. cxd5 Bxf3 6. Qxf3
cxd5 7. Nc3 Nc6 8. Bd3 e6 9. O-O Bd6 10. Bd2 O-O 11. Qh3 Rc8
12. Rac1 g6 13. f4 a6 14. g4 Kh8 15. Kh1 Rg8 16. Be1 Be7
17. Bg3 h5 18. f5 Nxg4 19. fxg6 fxg6 20. Rf7 Rg7 21. Bxg6 Rxg6
22. Qxh5+ Rh6 23. Qxg4 Qg8 24. Qf4 Bg5 25. Qf3 Rh7 26. Rxh7+
Qxh7 27. Nxd5 exd5 28. Be5+ Kg8 29. Rg1 Nxe5 30. Rxg5+ Ng6
31. Qxd5+ 1-0

[Event "Women's World Championship"]
[Site "Nalchik RUS"]
[Date "2008.09.07"]
[EventDate "2008.08.29"]
[Round "4.2"]
[Result "0-1"]
[White "Shen Yang"]
[Black "Koneru Humpy"]
[WhiteElo "2445"]
[BlackElo "2622"]
[PlyCount "84"]

1. d4 d5 2. c4 e6 3. Nc3 Bb4 4. a3 Bxc3+ 5. bxc3 Nf6 6. e3 O-O
7. cxd5 exd5 8. Bd3 b6 9. Ne2 Ba6 10. Bc2 c5 11. O-O Nc6
12. Re1 Qc7 13. Ng3 Rfe8 14. Bb2 cxd4 15. cxd4 Na5 16. f3 Nc4
17. Bc1 Rad8 18. e4 dxe4 19. fxe4 b5 20. Kh1 Qb6 21. d5 Bc8
22. Rf1 Ne3 23. Bxe3 Qxe3 24. Qf3 Qg5 25. Bd3 Bd7 26. Rab1 a6
27. a4 bxa4 28. Bxa6 h5 29. Rfe1 h4 30. Nf1 Qe5 31. Bd3 Rb8
32. Ra1 Rb3 33. Qe2 Rb2 34. Qf3 Ng4 35. Ra3 Rf2 36. Qh3 Qb2
37. e5 Rxe5 38. Rxa4 Rxe1 39. Ra8+ Be8 40. Rxe8+ Rxe8 41. Qxg4
Qc1 42. Kg1 Qc5 0-1

[Event "Russia - China Match"]
[Site "Ningbo CHN"]
[Date "2008.09.18"]
[EventDate "2008.09.19"]
[Round "1"]
[Result "0-1"]
[White "Ekaterina Korbut"]
[Black "Shen Yang"]
[WhiteElo "2467"]
[BlackElo "2468"]
[PlyCount "72"]

1. e4 e5 2. Bc4 Nf6 3. d3 c6 4. Bb3 a5 5. a4 Bc5 6. Nf3 d6
7. Bg5 Be6 8. Nbd2 h6 9. Bh4 Nbd7 10. c3 Bb6 11. d4 Qe7
12. O-O O-O 13. Re1 Rfe8 14. Nf1 Bxb3 15. Qxb3 Qe6 16. Qc2
exd4 17. Nxd4 Qg4 18. Bxf6 Nxf6 19. Ng3 d5 20. f3 Qf4 21. Qb3
Ra6 22. Kh1 dxe4 23. fxe4 Nxe4 24. Rxe4 Rxe4 25. Rf1 Rxd4
26. cxd4 Qc7 27. Nf5 Ra8 28. Re1 Rf8 29. g3 Qd8 30. Re7 Bxd4
31. Rxb7 Bf6 32. Qf3 Re8 33. Kg2 Qd2+ 34. Kh3 Re2 35. Ne7+
Bxe7 36. Rb8+ Bf8 0-1

[Event "Russia - China Match"]
[Site "Ningbo CHN"]
[Date "2008.09.19"]
[EventDate "2008.09.19"]
[Round "2"]
[Result "1-0"]
[White "Shen Yang"]
[Black "Natalia Pogonina"]
[WhiteElo "2468"]
[BlackElo "2441"]
[PlyCount "87"]

1. d4 Nf6 2. c4 c5 3. d5 b5 4. cxb5 a6 5. bxa6 g6 6. Nc3 Bxa6
7. e4 Bxf1 8. Kxf1 d6 9. g3 Bg7 10. Kg2 O-O 11. Nf3 Nbd7
12. h3 Ra6 13. Re1 Qa8 14. Re2 Rb8 15. Qc2 Ne8 16. b3 Nc7
17. Bb2 Nb5 18. Nxb5 Rxb5 19. Bxg7 Kxg7 20. Rd1 f6 21. Ne1
Rba5 22. a4 Rb6 23. Nd3 Qb7 24. Qc3 Ra8 25. Rb2 Kg8 26. Rdb1
f5 27. f3 fxe4 28. fxe4 Nf6 29. Qc4 e6 30. dxe6 Nxe4 31. Nf4
Nd2+ 32. Qd5 Nxb1 33. Rxb1 Kg7 34. Kf2 Rxa4 35. Nh5+ Kh8
36. Nf6 Ra2+ 37. Ke3 Qg7 38. Ne4 Ra3 39. Kd3 Rb4 40. Nxc5 Qf6
41. Nd7 Qe7 42. Kc3 Rba4 43. Rf1 Qg7+ 44. Rf6 1-0

[Event "Russia - China Match"]
[Site "Ningbo CHN"]
[Date "2008.09.20"]
[EventDate "2008.09.19"]
[Round "3"]
[Result "1/2-1/2"]
[White "Shen Yang"]
[Black "Ekaterina Kovalevskaya"]
[WhiteElo "2468"]
[BlackElo "2507"]
[PlyCount "80"]

1. d4 Nf6 2. c4 e6 3. Nc3 Bb4 4. Qc2 Nc6 5. Nf3 d6 6. a3 Bxc3+
7. Qxc3 a5 8. b3 O-O 9. e3 Re8 10. Bb2 e5 11. d5 Nb8 12. Nd2
Nbd7 13. Bd3 c6 14. e4 Nc5 15. Bc2 cxd5 16. cxd5 Bd7 17. Qe3
Rc8 18. Rc1 Bb5 19. f3 Qb6 20. Kf2 Bd3 21. Bd1 Ba6 22. Rc3 Nh5
23. g3 f5 24. Kg2 f4 25. Qf2 Qd8 26. Nc4 a4 27. bxa4 Qg5
28. Nxd6 fxg3 29. hxg3 Nf4+ 30. Kg1 Ncd3 31. Qh2 h6 32. Rxc8
Rxc8 33. Nxc8 Nxb2 34. Qh4 Ne2+ 35. Kh2 Qd2 36. Bxe2 Qxe2+
37. Kh3 Qxf3 38. Kh2 Qf2+ 39. Kh3 Qf3 40. Kh2 Qf2+ 1/2-1/2

[Event "Russia - China Match"]
[Site "Ningbo CHN"]
[Date "2008.09.21"]
[EventDate "2008.09.18"]
[Round "4"]
[Result "0-1"]
[White "Tatiana Kosintseva"]
[Black "Shen Yang"]
[WhiteElo "2511"]
[BlackElo "2445"]
[PlyCount "64"]

1. e4 e5 2. Nf3 Nc6 3. Bb5 a6 4. Ba4 Nf6 5. O-O Be7 6. Re1 b5
7. Bb3 d6 8. c3 O-O 9. h3 Bb7 10. d4 Re8 11. Nbd2 Bf8 12. a3
g6 13. Ba2 Bg7 14. b4 a5 15. d5 Ne7 16. Nb3 axb4 17. cxb4 Nxe4
18. Rxe4 Bxd5 19. Nfd2 f5 20. Re1 e4 21. Na5 Qd7 22. Bxd5+
Nxd5 23. Ndb3 Qf7 24. Be3 Bxa1 25. Qxa1 f4 26. Bd4 f3 27. Qc1
Nf4 28. Ba1 h5 29. Nd4 Kh7 30. gxf3 Nxh3+ 31. Kf1 exf3
32. Nxf3 Qxf3 0-1

[Event "Russia - China Match"]
[Site "Ningbo CHN"]
[Date "2008.09.22"]
[EventDate "2008.09.18"]
[Round "5"]
[Result "1/2-1/2"]
[White "Shen Yang"]
[Black "Nadezhda Kosintseva"]
[WhiteElo "2445"]
[BlackElo "2460"]
[PlyCount "83"]

1. d4 Nf6 2. c4 e6 3. Nc3 Bb4 4. Qc2 O-O 5. a3 Bxc3+ 6. Qxc3
d6 7. Bg5 Nbd7 8. f3 e5 9. e3 Re8 10. Ne2 a6 11. O-O-O h6
12. Bh4 b5 13. Bf2 bxc4 14. Qxc4 Rb8 15. e4 exd4 16. Nxd4 Ne5
17. Qc3 c5 18. Ne2 Be6 19. Nf4 Bb3 20. Bxa6 Bxd1 21. Rxd1 Rb6
22. Be2 Qa8 23. Rd2 Reb8 24. Bd1 Qa6 25. Bg3 Qc4 26. Qxc4 Nxc4
27. Rc2 Nxb2 28. Be2 g5 29. Nd5 Nxd5 30. exd5 Na4 31. Bd3 Rb1+
32. Kd2 R1b2 33. Bxd6 Rd8 34. Be5 Rxc2+ 35. Kxc2 Rxd5 36. Bg3
Nb6 37. Bb5 c4 38. a4 Rd3 39. Bxc4 Rd4 40. Bb3 Nxa4 41. Bf2
Rb4 42. Be1 1/2-1/2

[Event "Mindsports"]
[Site "Beijing CHN"]
[Date "2008.10.04"]
[EventDate "2008.10.04"]
[Round "1"]
[Result "0-1"]
[White "Kieu Thien Kim Le"]
[Black "Shen Yang"]
[WhiteElo "2291"]
[BlackElo "2450"]
[PlyCount "110"]

1. d4 d5 2. Nf3 Nf6 3. e3 Bf5 4. c4 e6 5. Qb3 Qc8 6. Nc3 c6
7. Bd2 Nbd7 8. Rc1 Be7 9. Nh4 Be4 10. f3 dxc4 11. Bxc4 Bd5
12. Bxd5 Nxd5 13. Nf5 N7b6 14. Nxe7 Nxe7 15. O-O O-O 16. Kh1
Nf5 17. Ne2 Qd8 18. Rcd1 Re8 19. Bc1 Nd6 20. e4 Qh4 21. Bf4
Rad8 22. Qe3 f6 23. Bg3 Qh5 24. b3 Nf7 25. Nf4 Qh6 26. Rfe1 e5
27. dxe5 Rxd1 28. Rxd1 fxe5 29. h3 exf4 30. Bxf4 Qe6 31. a4
Nd5 32. Qc1 Nxf4 33. Qxf4 Ne5 34. b4 Rf8 35. Qg3 Nc4 36. Rd4
b5 37. axb5 cxb5 38. Rd5 a6 39. Rg5 g6 40. h4 Qd6 41. e5 Qd1+
42. Kh2 Qd3 43. h5 Ne3 44. Qh3 Nf1+ 45. Kg1 Qe3+ 46. Kxf1 Qxg5
47. hxg6 Qxg6 48. e6 Re8 49. e7 Rxe7 50. Qh4 Re8 51. Qd4 Qg7
52. Qd5+ Qf7 53. Qd6 Qc4+ 54. Kg1 Re1+ 55. Kh2 Qh4+ 0-1

[Event "Mindsports"]
[Site "Beijing CHN"]
[Date "2008.10.04"]
[EventDate "2008.10.04"]
[Round "2"]
[Result "0-1"]
[White "Shen Yang"]
[Black "Antoaneta Stefanova"]
[WhiteElo "2450"]
[BlackElo "2548"]
[PlyCount "86"]

1. e4 e5 2. Nf3 Nc6 3. Bb5 a6 4. Ba4 Nf6 5. O-O b5 6. Bb3 Bc5
7. d3 d6 8. c3 O-O 9. Be3 Bxe3 10. fxe3 Be6 11. Bc2 d5
12. exd5 Nxd5 13. Qe1 f5 14. Nbd2 Kh8 15. Rd1 Nb6 16. Bb1 Qe7
17. e4 f4 18. d4 Bc4 19. Rf2 exd4 20. cxd4 Rad8 21. d5 Nb4
22. Nxc4 bxc4 23. Nd4 Rfe8 24. Re2 Qc5 25. Kh1 Nd3 26. Bxd3
Qxd4 27. Bb1 Qe5 28. Red2 c3 29. bxc3 Qxc3 30. Rc1 Qe5 31. Qd1
Nd7 32. Qc2 Rb8 33. Rdd1 Nf6 34. Qxc7 Qg5 35. h3 Rb2 36. Rc2
Rxc2 37. Bxc2 Qh4 38. Rf1 Nh5 39. Rf3 Qe1+ 40. Kh2 h6 41. d6
Ng3 42. d7 Rf8 43. d8=Q Qh1+ 0-1

[Event "Mindsports"]
[Site "Beijing CHN"]
[Date "2008.10.04"]
[EventDate "2008.10.04"]
[Round "3"]
[Result "1-0"]
[White "Shen Yang"]
[Black "Irine Kharisma Sukandar"]
[WhiteElo "2450"]
[BlackElo "2303"]
[PlyCount "77"]

1. d4 Nf6 2. c4 e6 3. Nc3 Bb4 4. Qc2 b6 5. a3 Bxc3+ 6. Qxc3
Ne4 7. Qc2 f5 8. Nh3 Bb7 9. f3 Nf6 10. e3 O-O 11. Be2 c5
12. O-O d6 13. b4 Qe7 14. Bb2 Nbd7 15. Rad1 Rac8 16. Qd2 e5
17. bxc5 bxc5 18. dxe5 dxe5 19. Qd6 Qe8 20. Nf2 Rc6 21. Qd2
Re6 22. Qc2 e4 23. f4 Nb6 24. a4 Nxa4 25. Be5 Nb6 26. Bd6 Rf7
27. Bxc5 Rc6 28. Bd4 Qc8 29. c5 Nbd7 30. Bc4 Nxc5 31. Bxf7+
Kxf7 32. Qa2+ Ne6 33. Rb1 Ra6 34. Qb2 Bd5 35. Rfc1 Qd7
36. Bxf6 gxf6 37. Qe2 Ra2 38. Qh5+ Kg7 39. Qxf5 1-0

[Event "Mindsports"]
[Site "Beijing CHN"]
[Date "2008.10.04"]
[EventDate "2008.10.04"]
[Round "4"]
[Result "1-0"]
[White "Ju Wenjun"]
[Black "Shen Yang"]
[WhiteElo "2397"]
[BlackElo "2450"]
[PlyCount "139"]

1. Nf3 d5 2. g3 Nf6 3. c4 c6 4. Bg2 dxc4 5. a4 Bf5 6. Na3 e6
7. Nxc4 Nbd7 8. O-O Be7 9. b3 O-O 10. Bb2 Nb6 11. d3 h6
12. Qd2 Bh7 13. a5 Nbd5 14. Rfd1 Bb4 15. Qc2 Rc8 16. Nfe5 b5
17. axb6 axb6 18. Ra6 Be7 19. Ra7 Nb4 20. Qd2 Nbd5 21. Rda1
Bb4 22. Qc2 c5 23. e4 Ne7 24. Rb7 Rb8 25. Raa7 Rxb7 26. Rxb7
Ne8 27. Rxb6 Nc7 28. h3 f6 29. Nc6 Nxc6 30. Rxc6 Qd7 31. Rd6
Qe7 32. Rb6 e5 33. Ne3 Kh8 34. Bc3 Ne6 35. Bxb4 cxb4 36. Nd5
Qd7 37. Rxb4 Nd4 38. Qc5 Rc8 39. Qe7 Qxe7 40. Nxe7 Rd8 41. Rb7
Ne6 42. b4 g5 43. b5 Rxd3 44. b6 Rb3 45. Nd5 Nc5 46. Rc7 Na6
47. Ra7 Nc5 48. Nxf6 Bg6 49. Rc7 Ne6 50. Rc6 Nd4 51. Rd6 Kg7
52. Nd5 Rb1+ 53. Kh2 Bf7 54. Rd7 Kg6 55. b7 Be6 56. Re7 Rb3
57. Nc7 Rxb7 58. Rxe6+ Nxe6 59. Nxe6 Rb5 60. Nc7 Rb2 61. Kg1
Rb1+ 62. Bf1 Rb4 63. Bg2 Rb1+ 64. Bf1 Rb4 65. Nd5 Rd4 66. Kg2
Kf7 67. Kf3 Rd3+ 68. Bxd3 Ke6 69. h4 gxh4 70. gxh4 1-0

[Event "Mindsports"]
[Site "Beijing CHN"]
[Date "2008.10.04"]
[EventDate "2008.10.04"]
[Round "5"]
[Result "1-0"]
[White "Shen Yang"]
[Black "Kateryna Dolzhykova"]
[WhiteElo "2450"]
[BlackElo "2351"]
[PlyCount "81"]

1. d4 d5 2. c4 c6 3. Nf3 Nf6 4. e3 e6 5. Nbd2 Nbd7 6. Bd3 Bd6
7. b3 e5 8. dxe5 Nxe5 9. Be2 O-O 10. O-O Ne4 11. Nxe4 dxe4
12. Nxe5 Bxe5 13. Rb1 Be6 14. Ba3 Re8 15. Qc2 f5 16. Rfd1 Qh4
17. g3 Qg5 18. Bd6 Qf6 19. c5 Rad8 20. Bxe5 Qxe5 21. b4 Bd5
22. Rd4 Rd7 23. Rbd1 Red8 24. b5 Qe6 25. R1d2 h6 26. a4 Kh7
27. Qb1 Qe7 28. Qb4 Bf7 29. bxc6 bxc6 30. Qc3 Rd5 31. Rxd5
Rxd5 32. Rxd5 Bxd5 33. Ba6 Be6 34. Qd4 Qc7 35. Qc3 Qd7 36. Qd4
Qc7 37. Bf1 Qa5 38. Qe5 Bc8 39. Qd4 Qe1 40. Kg2 f4 41. Qxe4+
1-0

[Event "Mindsports"]
[Site "Beijing CHN"]
[Date "2008.10.04"]
[EventDate "2008.10.04"]
[Round "6"]
[Result "0-1"]
[White "Hoang Thi Bao Tram"]
[Black "Shen Yang"]
[WhiteElo "2250"]
[BlackElo "2450"]
[PlyCount "70"]

1. d4 d5 2. Nf3 Nf6 3. e3 c6 4. Ne5 Nbd7 5. Bd3 e6 6. f4 Nxe5
7. fxe5 Ne4 8. O-O f5 9. exf6 Nxf6 10. Nd2 Be7 11. c3 O-O
12. e4 e5 13. dxe5 Ng4 14. Nf3 Qb6+ 15. Nd4 c5 16. Rxf8+ Bxf8
17. exd5 cxd4 18. c4 Nxe5 19. Bxh7+ Kxh7 20. Qh5+ Kg8 21. Qxe5
Bd7 22. d6 Re8 23. Qd5+ Be6 24. c5 Bxd5 25. cxb6 axb6 26. Bf4
Bc6 27. Rd1 Re4 28. g3 Kf7 29. Kf2 Ke6 30. b4 Kd7 31. Rc1 Bxd6
32. Bxd6 Kxd6 33. Rd1 Kd5 34. Rd2 Kc4 35. a3 Kc3 0-1

[Event "Mindsports"]
[Site "Beijing CHN"]
[Date "2008.10.04"]
[EventDate "2008.10.04"]
[Round "7"]
[Result "0-1"]
[White "Natalia Zdebskaja"]
[Black "Shen Yang"]
[WhiteElo "2419"]
[BlackElo "2450"]
[PlyCount "44"]

1. e4 e5 2. Nf3 Nc6 3. c3 Nge7 4. d4 exd4 5. cxd4 d5 6. e5 Bg4
7. h3 Bxf3 8. gxf3 Nf5 9. Be3 Qh4 10. Bb5 Nxe3 11. Qc1 Nc4
12. b3 N4xe5 13. dxe5 Qb4+ 14. Nc3 d4 15. O-O dxc3 16. Bxc6+
bxc6 17. e6 Be7 18. exf7+ Kxf7 19. a3 Qd4 20. Rd1 Qf6 21. Qe3
Rhe8 22. Rac1 Bxa3 0-1

[Event "Mindsports"]
[Site "Beijing CHN"]
[Date "2008.10.04"]
[EventDate "2008.10.04"]
[Round "8"]
[Result "1/2-1/2"]
[White "Shen Yang"]
[Black "Yuhua Xu"]
[WhiteElo "2450"]
[BlackElo "2477"]
[PlyCount "176"]

1. d4 e6 2. c4 Nf6 3. Nc3 Bb4 4. Qc2 O-O 5. a3 Bxc3+ 6. Qxc3
d6 7. f3 Qe7 8. Bg5 Nbd7 9. e4 e5 10. d5 a5 11. b3 Re8 12. Nh3
h6 13. Be3 Nf8 14. Be2 Bxh3 15. gxh3 Nh5 16. O-O-O Ng6 17. c5
Nhf4 18. Bf1 Rec8 19. Kb2 b6 20. cxd6 cxd6 21. Qd2 a4 22. bxa4
Rxa4 23. Bb5 Ra7 24. Rc1 Rac7 25. Rxc7 Rxc7 26. Rc1 Rxc1
27. Qxc1 Nh4 28. a4 Nxf3 29. Bxb6 Ng5 30. Qc2 Nf3 31. a5 Nd4
32. Bxd4 exd4 33. a6 Qa7 34. Qc8+ Kh7 35. Qf5+ Ng6 36. Qd7 Qc5
37. Qc6 Qb4+ 38. Kc2 Ne5 39. Qc8 d3+ 40. Bxd3 Qa4+ 41. Kd2 Qd4
42. Qc3 Qf2+ 43. Kc1 Qe3+ 44. Kc2 Qf2+ 45. Kb3 Qb6+ 46. Kc2
Qf2+ 47. Kb3 Qb6+ 48. Ka3 g5 49. Be2 Kg6 50. Ka2 Qf2 51. Qb2
Qa7 52. Kb1 Qg1+ 53. Ka2 Qa7 54. Qc2 Qd4 55. Qb2 Qe3 56. Qc2
Qd4 57. Qb2 Qe3 58. Qc2 Qd4 59. Bb5 Qb4 60. Qa4 Qd2+ 61. Ka3
Qc3+ 62. Qb3 Qa5+ 63. Kb2 Qd2+ 64. Kb1 Qe1+ 65. Kc2 Qf2+
66. Kc3 Qe3+ 67. Kb4 Qd4+ 68. Ka5 Qa7 69. Qc3 Qg1 70. Qc7 Qa1+
71. Kb6 Qd4+ 72. Kb7 Qxe4 73. Qxd6+ f6 74. a7 Nf7 75. Qb6 Qe7+
76. Qc7 Nd6+ 77. Kb6 Qe3+ 78. Qc5 Nc8+ 79. Kc6 Nxa7+ 80. Kd6
Qe5+ 81. Kd7 Qf5+ 82. Kd6 Qe5+ 83. Kd7 Qf5+ 84. Kd6 Qe5+
85. Kd7 Qf5+ 86. Kd6 Qe5+ 87. Kd7 Qf5+ 88. Kd6 Qe5+ 1/2-1/2

[Event "Mindsports"]
[Site "Beijing CHN"]
[Date "2008.10.04"]
[EventDate "2008.10.04"]
[Round "9"]
[Result "0-1"]
[White "Shen Yang"]
[Black "Alexandra Kosteniuk"]
[WhiteElo "2450"]
[BlackElo "2525"]
[PlyCount "106"]

1. d4 Nf6 2. c4 e6 3. Nc3 Bb4 4. Qc2 d5 5. Bg5 h6 6. Bh4 c5
7. cxd5 exd5 8. dxc5 g5 9. Bg3 Ne4 10. e3 Qa5 11. Nge2 Bf5
12. Be5 O-O 13. Nd4 Bg6 14. Bd3 Nd7 15. Bd6 Nxc3 16. bxc3
Bxc3+ 17. Ke2 Bxd3+ 18. Qxd3 Bxa1 19. Rxa1 Nxc5 20. Qb5 Qxb5+
21. Nxb5 Rfc8 22. Nc7 Ne4 23. Be5 f6 24. Nxa8 fxe5 25. f3 Nf6
26. Rb1 b6 27. Nxb6 axb6 28. Rxb6 Kf7 29. Kd3 Ra8 30. Rb2 Ra3+
31. Ke2 e4 32. h3 Ke6 33. Kd2 Nd7 34. Rc2 Ne5 35. Ke2 Nc4
36. fxe4 Rxe3+ 37. Kf2 Rxe4 38. a4 Na5 39. Ra2 Ke5 40. Kf3 h5
41. g4 hxg4+ 42. hxg4 d4 43. Rc2 Re3+ 44. Kf2 Rc3 45. Rb2 Nc4
46. Rb5+ Ke4 47. a5 Rc2+ 48. Ke1 Ra2 49. Rxg5 Ke3 50. Kf1 d3
51. Rd5 Rxa5 52. Rd8 Ra1+ 53. Kg2 d2 0-1

[Event "Mindsports"]
[Site "Beijing CHN"]
[Date "2008.10.04"]
[EventDate "2008.10.04"]
[Round "10"]
[Result "0-1"]
[White "Tatjana Vasilevich"]
[Black "Shen Yang"]
[WhiteElo "2368"]
[BlackElo "2450"]
[PlyCount "66"]

1. d4 d5 2. c4 c6 3. Nf3 Nf6 4. e3 Bg4 5. Nc3 e6 6. h3 Bxf3
7. Qxf3 Nbd7 8. cxd5 exd5 9. Bd3 Be7 10. g4 Nf8 11. g5 N6d7
12. h4 Ne6 13. Bd2 a5 14. O-O-O b5 15. Kb1 a4 16. Rc1 Qb6
17. Ne2 Rd8 18. Qg4 c5 19. Bf5 c4 20. Bxe6 Qxe6 21. Qxe6 fxe6
22. Nf4 Nf8 23. a3 Kf7 24. Rcg1 g6 25. h5 Nd7 26. Bb4 Bxb4
27. axb4 Nb8 28. Kc2 Nc6 29. Kc3 e5 30. hxg6+ hxg6 31. Rxh8
exd4+ 32. exd4 Rxh8 33. Nxd5 Rd8 0-1

[Event "Mindsports"]
[Site "Beijing CHN"]
[Date "2008.10.04"]
[EventDate "2008.10.04"]
[Round "11"]
[Result "0-1"]
[White "Shen Yang"]
[Black "Dronavalli Harika"]
[WhiteElo "2450"]
[BlackElo "2461"]
[PlyCount "94"]

1. d4 Nf6 2. c4 c5 3. d5 e5 4. Nc3 d6 5. e4 Be7 6. Nf3 O-O
7. Be2 Nbd7 8. O-O Ne8 9. Be3 g6 10. a3 Ng7 11. Nd2 f5 12. f3
Bg5 13. Bf2 Nf6 14. b4 b6 15. Nb3 Nfh5 16. g3 Nf6 17. Rb1 fxe4
18. fxe4 Bh3 19. Re1 Qd7 20. bxc5 bxc5 21. Na5 Qf7 22. Rb2 h5
23. Nc6 Ng4 24. Bxg4 Bxg4 25. Qd3 Qf6 26. h4 Bh6 27. Nb5 Rf7
28. Rf1 Bh3 29. Re1 Raf8 30. Kh2 Bg4 31. Bg1 g5 32. Rf2 Qxf2+
33. Bxf2 Rxf2+ 34. Kg1 gxh4 35. Ne7+ Kh7 36. Nxd6 R2f3 37. Qc2
Rxg3+ 38. Kh2 Rh3+ 39. Kg1 Rg3+ 40. Kh2 Rh3+ 41. Kg1 Rg3+
42. Kh2 Bf4 43. Ndf5 Rc3+ 44. Kg1 Rxc2 45. Nxh4 Bg5 46. Nhg6
Rf6 47. d6 Rxg6 0-1